MARC

LEADER 00000nam0a2200000 4500
001 226660
005 20231101230740.0
035 |a (RuTPU)RU\TPU\book\247048 
090 |a 226660 
100 |a 20121126d1901 k y0rusy50 ca 
101 1 |a rus  |c fre 
102 |a RU 
105 |a a z 000zy 
200 1 |a Электрическая тяга  |e пер. с фр.  |f Э. Жерар 
210 |a СПб.  |c Издание типографии Исидора Гольдберга  |d 1901 
215 |a 586 с.  |c ил. 
606 1 |a Электрическая тяга (ж.-д.)  |2 stltpush  |3 (RuTPU)RU\TPU\subj\26873  |9 50708 
610 1 |a электричество 
610 1 |a мощность 
610 1 |a сопротивление 
610 1 |a двигатели 
610 1 |a передача 
610 1 |a поезда 
610 1 |a сопротивление 
610 1 |a аккумуляторы 
610 1 |a генераторные установки 
610 1 |a рельсы 
610 1 |a воздушные линии 
610 1 |a устройство 
610 1 |a установки 
610 1 |a контакты 
610 1 |a аккумуляторы 
610 1 |a трамваи 
610 1 |a железная дорога 
610 1 |a судоходство 
610 1 |a локомотивы 
675 |a 629.42  |v 3 
700 1 |a Жерар  |b Э.  |g Эрнест 
801 1 |a RU  |b 63413507  |c 20121126 
801 2 |a RU  |b 63413507  |c 20130305  |g RCR 
942 |c BK